000 00865cab a2200277 4500
001 ABS59124
008 090401t1998 xxu||||| |||| 00| 0 eng d
035 _a(Sirsi) u87998
041 _aeng
100 _aCannon, J.
245 _aPlateau likely in 2000
260 _c1998
350 _a0
490 _aBuilding Economist
_vAugust 1998, 6-7(2)
520 _aComments on commercial construction orders during the 1980s and 1990s. Examines the influencing factors and outlook for the entertainment, health, education and other minor subsectors of commercial construction.
650 _aCOMMERCIAL BUILDING
650 _aEDUCATION SECTOR
650 _aENTERTAINMENT SECTOR
650 _aHEALTH SECTOR
650 _aLOTTERY FUNDING
650 _aPFI
650 _aSUPERMARKETS
690 _aBUILT ENVIRONMENT
942 _n0
948 _c14/08/1998
999 _c55556
_d55556